000 01099nam0a22002651 4500
001 rc\3355200
005 20130115152525.8
021 _aRU
_b[69-118467]
035 _a(NLR Aleph) 007523257
090 _a7732174
_c7732174
100 _a20130115d1969 |||y0rusy50 ca
101 1 _arus
_ceng
102 _aRU
105 _ay z |||||
200 1 _aКонспект лекций по стилистике
_fСост. доц. Т. Левицкая
_gМ-во высш. и сред. спец. образования СССР. Моск. пед. ин-т иностр. яз. им. М. Тореза. Кафедра лексикологии и стилистики англ. яз. переводческого фак.
210 _aМосква
_cБ. и.
_d1969
215 _a61 с.
_d20
300 _aТекст на англ. яз.
606 _aСтилистика английского языка
_2psbo
700 1 _aЛевицкая
_bТ. Р.
_gТатьяна Романовна
_4220
801 0 _aRU
_bNLR
_gpsbo
801 1 _aRU
_bELAR
_2rusmarc
852 _aNLR
_j69-4/32954
942 _cBOOK
980 _aNB